000 00632nab a2200193 4500
999 _c372333
_d372333
001 90031
003 OSt
005 20230331140135.0
007 tu
008 110905s2000|||||||
040 _aDE-2950
_cDE-2950
245 0 0 _aKita Märchenland wird saniert.
_bInvestition. Die Erzieherinnen und Kinder der Einrichtung sind schon länger an den Baulärm gewöhnt. Das Ende ist aber abzusehen / pst.
264 _c2023
653 _aFrankfurt (Oder)
653 _aKindergarten "Märchenland"
653 _aBaumaßnahmen
773 0 _g34. Jahrgang (2023) Nr. 73, 28.03.2023, S. 16: mit Foto
_tMärkische Oderzeitung
942 _2z
_cA